| 000 | 00647nam a22001577a 4500 | ||
|---|---|---|---|
| 008 | 160511b xxu||||| |||| 00| 0 eng d | ||
| 082 |
_22015 _aUT 0571 _bEs86 |
||
| 100 |
_97881 _bEstinoso, Renalen Sheen D. |
||
| 245 |
_aFactor analysis of consumers' attitude toward value added tax in Digos City/ _cRenalen Sheen D. Estinoso, Honey Grace C. Sarabia and Sarah Jane S. Sultan. |
||
| 260 |
_aDigos City: _bUMDC _cMarch 2015. |
||
| 300 |
_a51 pages; _c30 cm. |
||
| 650 | 0 |
_97880 _aBusiness Administration _vFinancial Management _xUndergraduate thesis. |
|
| 700 |
_97878 _aSarabia, Honey Grace C. |
||
| 700 |
_97879 _aSultan, Sarah Jane S. |
||
| 942 |
_2ddc _cUT |
||
| 999 |
_c2398 _d2398 |
||